Budúcnosť lesov

Bibliographic Details
Main Author: Marko, Vladimír (Author)
Format: Article
Language:Slovak
Subjects:

MARC

LEADER 00000nab a2200000 a 4500
001 vtls000316878
003 SK-MaSNL
005 20260302225814.0
008 111201c1978 xo 0 slo
015 |a SNBRB19rr/mm-uuuuu 
035 |a CL0006970 
040 |a SNKBUCL  |b slo  |c SNKBUCL  |e AACR2 
041 0 |a slo 
044 |a xo  |c SK 
080 |a 634.0  |2 1981 
100 1 |a Marko, Vladimír  |4 aut  |9 281510 
245 1 0 |a Budúcnosť lesov  |c Vladimír Marko 
650 0 7 |a lesy  |2 snkbucl  |9 1437 
650 0 7 |a lesné hospodárstvo  |2 snkbucl  |9 1256 
655 7 |a články z novín a časopisov  |2 snkbucl  |9 267496 
773 0 |t Práca  |g Roč. 33, č. 77 (1. 4. 1978), s. 1-2 
850 |a Slovenská národná knižnica v Martine  |a MTA001 
852 |a SNK  |b KIS3GCP 
958 |a RK 
992 |a RBX 
999 |c 1530833  |d 1532763